00947cam a2200229Ma 450000500170000000800410001702000180005803500210007604000500009704100080014710000330015524501730018826000380036130000510039950100470045050400410049765000320053865000400057065000310061071000490064174000270069020160622125428.0160622s2009 ne a fr 000 0 eng d a9789087220549 a(OCoLC)945461889 aCO-BoUCMbspacSandra PalaciodSandra Palacio0 aeng1 aGrapperhaus, Ferdinand H. M.10aTax tales from the second millennium btaxation in Europe (1000-2000), the United States of America (1765 to 1801) and India (1526 to 1709) cFerdinand H.M. Grapperhaus aÁmsterdam (Holanda)bIBFDc2009 aviii, 64, viii, 174 páginas bilustraciones  aTaxes trough the ages: A pictorial History aIncluye referencias bibliográficas17aImpuestosxHistoriazEuropa17aImpuestosxHistoriazEstados Unidos17aImpuestosxHistoriazIndia22aInternational Bureau of Fiscal Documentation02aTaxes through the ages